Southville International School and Colleges
Your cart is empty.
  • Cart
  • Lists
    Public lists Eva Luna New books Lux_list list_1
    Your lists Log in to create your own lists
  • Log in to your account
  • Your cookies
  • Search history
Southville International School and Colleges
  • Advanced search
  • Recent comments
  • Most popular
  • Libraries

Log in to your account

Log in with GOOGLE


If you do not have an external account, but do have a local account, you can still log in:

  1. Home
  2. MARC view: Spot goes to the park /
Normal view MARC view ISBD view

Spot goes to the park / (Record no. 106302)

[ view plain ]
MARC details
000 -LEADER
fixed length control field 00395nam a2200157 a 4500
005 - DATE AND TIME OF LATEST TRANSACTION
control field 20140412111428.0
008 - FIXED-LENGTH DATA ELEMENTS--GENERAL INFORMATION
fixed length control field 090224s19uu xx 00 eng d
020 ## - INTERNATIONAL STANDARD BOOK NUMBER
International Standard Book Number 0-14-055320-7
050 ## - LIBRARY OF CONGRESS CALL NUMBER
Classification number TR(PS E
Item number Sp68 1991
100 ## - MAIN ENTRY--PERSONAL NAME
Personal name Hill, Eric
245 ## - TITLE STATEMENT
Title Spot goes to the park /
Statement of responsibility, etc Eric Hill.
260 ## - PUBLICATION, DISTRIBUTION, ETC. (IMPRINT)
Place of publication, distribution, etc U.S.A :
Name of publisher, distributor, etc Penguin books,
Date of publication, distribution, etc 1991.
300 ## - PHYSICAL DESCRIPTION
Extent unp.
650 ## - SUBJECT ADDED ENTRY--TOPICAL TERM
Topical term or geographic name as entry element Park
Holdings
Withdrawn status Lost status Damaged status Home library Current library Shelving location Date acquired Source of acquisition Total Checkouts Full call number Barcode Date last seen Price effective from Koha item type
      Elizalde Library Elizalde Library Teachers Reference Section 02/24/2009     TR(PS E Sp68 1991 E11562 04/12/2014 04/12/2014 Books

Spot goes to the park /

APA

Hill E., . (1991). Spot goes to the park. U.S.A: Penguin books.

Chicago

Hill Eric, . 1991. Spot goes to the park. U.S.A: Penguin books.

Harvard

Hill E., . (1991). Spot goes to the park. U.S.A: Penguin books.

MLA

Hill Eric, . Spot goes to the park. U.S.A: Penguin books. 1991.

  • Place hold
  • Print
  • Cite
  • Add to your cart (remove)
  • Save record
    BIBTEX Dublin Core MARCXML MARC (non-Unicode/MARC-8) MARC (Unicode/UTF-8) MARC (Unicode/UTF-8, Standard) MODS (XML) RIS
  • More searches
    Search for this title in:
    Other Libraries (WorldCat) Other Databases (Google Scholar) Online Stores (Bookfinder.com) Open Library (openlibrary.org)

Exporting to Dublin Core...

SOUTHVILLE LIBRARY

Southville International School and Colleges Library

1281 Tropical Ave. Cor. Luxembourg St., BF Homes International, Las Pinas City

Tel. No. 8256374 / 252358 Loc. 117/146

Powered by Koha